Hľadanie optimálneho konceptu zodpovednosti za nepodanie včasného návrhu na vyhlásenie konkurzu

Analýza otázok súvisiacich s platnou právnou úpravou zodpovednosti za nepodanie návrhu na vyhlásenie konkurzu včas povinnými osobami a jej komparácie so znením právnej úpravy tejto oblasti, ktorá platila na území Slovenskej republiky medzi rokmi 1991 až 2017. Pohľad pomerne časté zmeny ku ktorým doc...

Ausführliche Beschreibung

Gespeichert in:
Bibliographische Detailangaben
1. Verfasser: Lukáčka, Peter
Format: Buchkapitel
Sprache:Slowakisch
Schlagworte:
Tags: Tag hinzufügen
Keine Tags, Fügen Sie das erste Tag hinzu!

MARC

LEADER 00000naa a2200000 4500
001 0256123
005 20190619103950.9
041 0 |a slo 
044 |a SK 
245 1 0 |a Hľadanie optimálneho konceptu zodpovednosti za nepodanie včasného návrhu na vyhlásenie konkurzu  |c Peter Lukáčka 
520 |a Analýza otázok súvisiacich s platnou právnou úpravou zodpovednosti za nepodanie návrhu na vyhlásenie konkurzu včas povinnými osobami a jej komparácie so znením právnej úpravy tejto oblasti, ktorá platila na území Slovenskej republiky medzi rokmi 1991 až 2017. Pohľad pomerne časté zmeny ku ktorým dochádza na poli právnej úpravy zodpovednosti za nepodanie včasného návrhu na vyhlásenie konkurzu a diskusia o vhodnom modeli nastavenia zodpovednostného režimu za porušenie tejto povinnosti. 
610 2 0 |a obstarávanie 
610 2 0 |a obstarávanie verejné 
610 2 0 |a nehnuteľnosti 
610 2 0 |a zmluvy 
610 2 0 |a bankrot 
100 1 |a Lukáčka, Peter